| 000 | 01423cam a22003618a 4500 | ||
|---|---|---|---|
| 999 |
_c12298 _d12298 |
||
| 001 | 1651210 | ||
| 003 | EG-ScBUE | ||
| 005 | 20200111130436.0 | ||
| 008 | 970116t1997 nyua f 001 0 eng d | ||
| 020 | _a0764101641 | ||
| 020 | _a9780764101649 | ||
| 040 |
_aDLC _beng _erda _cDLC _dDLC _dEG-ScBUE |
||
| 082 | 0 | 4 |
_a808.042 _bBRO _222 |
| 100 | 1 |
_aBromberg, Murray, _eauthor. _97865 |
|
| 245 | 1 | 4 |
_aThe English you need to know / _cMurray Bromberg, former principal, Andrew Jackson High School, Queens, New York, Julius Liebb, former assistant principal, English, Andrew Jackson High School, Queens, New York. |
| 250 | _aSecond edition. | ||
| 264 | 1 |
_aNew York : _bBarron's Educational Series, Inc., _c[1997] |
|
| 264 | 4 | _cc 1997 | |
| 300 |
_aiv, 204 pages : _billustrations ; _c32 cm |
||
| 336 |
_2rdacontent _atext _btxt |
||
| 337 |
_2rdamedia _aunmediated _bn |
||
| 338 |
_2rdacarrier _avolume _bnc |
||
| 500 | _aIncludes index. | ||
| 590 | _aBilal Ahmed | ||
| 650 | 7 |
_aEnglish language _xGrammar. _2BUEsh _97866 |
|
| 650 | 7 |
_aEnglish language _xComposition and exercises. _2BUEsh _97867 |
|
| 653 |
_bHHUUEENN _cJuly2019 |
||
| 655 | _vReading book | ||
| 700 | 1 |
_aLiebb, Julius, _eauthor. _97868 |
|
| 856 | 4 | 2 |
_3Publisher description _uhttp://www.loc.gov/catdir/enhancements/fy0630/97001384-d.html |
| 942 |
_2ddc _cBB |
||